Score 0/10 Timer 03:00
1 Play Today
Hint Answer % Correct
CUKPPUCK
99.7%
SRAIPPARIS
89.5%
RATIOPPORTIA
64.9%
POORERSPPROSPERO
41.3%
INSOULOPPOLONIUS
36.9%
MEEKBROPPEMBROKE
30.9%
HEMINLOPPHILEMON
23.7%
TOUCHIERPPETRUCHIO
23.4%
MANALOPPALAMON
13.7%
ASSEMBLESOOPPEASEBLOSSOM
8.9%

You're not logged in!

Compare scores with friends on all Sporcle quizzes.
OR
Log In

Sporcle TV

Today on Sporcle TV


Watch our educational content, quiz creation guides, and fun videos on Sporcle TV.

Show Comments

Extras

Top Quizzes Today


Score Distribution

Paid Content

Your Account Isn't Verified!

In order to create a playlist on Sporcle, you need to verify the email address you used during registration. Go to your Sporcle Settings to finish the process.

Report this User

Report this user for behavior that violates our Community Guidelines.

Details: